• 首页
  • 本馆介绍
  • 公告通知
  • 最新文献
  • 馆藏检索
  • 电子资源
  • 读者导购
  • 参考咨询
  • 我的图书馆
  • 登录
  • 详细信息显示
  • 放入我的书架
  • 预约/预借图书
  • 作者相关作品
  • 分类相关作品
  • 丛书相关作品
  • 出版社相关作品

书目信息

  • 表格格式
  • 工作单格式
  • 卡片格式
题名:
城市绿地规划
    
 
作者: 王绍增 主编
分册:  
出版信息: 北京   中国农业出版社  2005.05
页数: 369页
开本: 26cm
丛书名:
单 册:
中图分类: TU985.1
科图分类:
主题词: 城市规划--cheng shi gui hua--绿化规划--高等学校--教材 , 城市规划--cheng shi gui hua , 绿化规划--lv hua gui hua
电子资源:
ISBN: 978-7-109-08572-5
000 01076nam0 2200289 450
001 0106081822
005 20201106082044.0
010    @a978-7-109-08572-5@dCNY48.00
100    @a20201104e20192005em y0chiy50 ea
101 0  @achi
102    @aCN@b110000
105    @aa z 000yy
106    @ar
200 1  @a城市绿地规划@Acheng shi lv di gui hua@f王绍增主编
210    @a北京@c中国农业出版社@d2005.05@h2019.11
215    @a369页@c图@d26cm
300    @a面向21世纪课程教材园林专业主干课程系列教材
312    @a封底英文题名:City green space planning
330    @a本书分规划基础、城市绿地规划、城市绿地分类规划三篇,包括城市与规划、城市绿地的功能、城市绿地系统规划、居住区绿地、企事业单位绿地、风景名胜区、森林公园等内容。
510 1  @aCity green space planning@zeng
606 0  @a城市规划@Acheng shi gui hua@x绿化规划@x高等学校@j教材
606 0  @a城市规划@Acheng shi gui hua
606 0  @a绿化规划@Alv hua gui hua
690    @aTU985.1@v5
701  0 @a王绍增@Awang shao zeng@f(1942~)@4主编
801  0 @aCN@bBJSZM@c20201106
905    @b1192212-5@dTU985.1@e1659@f4
    
    城市绿地规划/王绍增主编.-北京:中国农业出版社,2005.05(2019.11)
    369页:图;26cm
    面向21世纪课程教材园林专业主干课程系列教材
    
    ISBN 978-7-109-08572-5:CNY48.00
    本书分规划基础、城市绿地规划、城市绿地分类规划三篇,包括城市与规划、城市绿地的功能、城市绿地系统规划、居住区绿地、企事业单位绿地、风景名胜区、森林公园等内容。
●
相关链接 在E读中查询图书 在五车中查询图书 在当当中查询图书 在豆瓣中查询图书


正题名:城市绿地规划     索取号:TU985.1/1659         预约/预借

序号 登录号 条形码 馆藏地/架位号 状态 备注
1 1192212   211922124   第二样本阅览室/ [索取号:TU985.1/1659] 在馆    
2 1192213   211922133   第三借阅区/ [索取号:TU985.1/1659] 在馆    
3 1192214   211922142   第三借阅区/ [索取号:TU985.1/1659] 在馆    
4 1192215   211922151   第三借阅区/ [索取号:TU985.1/1659] 在馆    
唐山师范学院图书馆 欢迎您!
大连网信软件有限公司© 版权所有